Dr. S. R. Lasker Library Online Catalogue

Home      Library Home      Institutional Repository      E-Resources      MyAthens      EWU Home

The management of business logistics : (Record no. 6368)

MARC details
000 -LEADER
fixed length control field 01265cam a2200361 a 4500
001 - CONTROL NUMBER
control field 6368
003 - CONTROL NUMBER IDENTIFIER
control field BD-DhEWU
005 - DATE AND TIME OF LATEST TRANSACTION
control field 20140723161442.0
008 - FIXED-LENGTH DATA ELEMENTS--GENERAL INFORMATION
fixed length control field 011105r20032007ii a g b 001 0 eng d
020 ## - INTERNATIONAL STANDARD BOOK NUMBER
International Standard Book Number 0324007515
International Standard Book Number 8131500322
International Standard Book Number 9780324007510
035 ## - SYSTEM CONTROL NUMBER
System control number (OCoLC)48383531
040 ## - CATALOGING SOURCE
Original cataloging agency DLC
Transcribing agency DLC
Modifying agency DLC
-- BD-DhEWU
Language of cataloging eng
041 ## - LANGUAGE CODE
Language code of text/sound track or separate title eng
050 00 - LIBRARY OF CONGRESS CALL NUMBER
Classification number HD38.5
Item number .C69 2003
082 04 - DEWEY DECIMAL CLASSIFICATION NUMBER
Classification number 658.7
Edition number 22
Item number COM 2003
100 1# - MAIN ENTRY--PERSONAL NAME
Personal name Coyle, John Joseph,
9 (RLIN) 16664
245 14 - TITLE STATEMENT
Title The management of business logistics :
Remainder of title a supply chain perspective /
Statement of responsibility, etc John J. Coyle, Edward J. Bardi, C. John Langley.
250 ## - EDITION STATEMENT
Edition statement 7th ed.
260 ## - PUBLICATION, DISTRIBUTION, ETC. (IMPRINT)
Place of publication, distribution, etc Mason, Ohio ;
-- India :
Name of publisher, distributor, etc South-Western/Thomson Learning,
Date of publication, distribution, etc c2003.
300 ## - PHYSICAL DESCRIPTION
Extent xx, 707 p. :
Other physical details ill. ;
Dimensions 26 cm.
504 ## - BIBLIOGRAPHY, ETC. NOTE
Bibliography, etc Includes bibliographical references and index.
526 ## - STUDY PROGRAM INFORMATION NOTE
Program name BA
590 ## - LOCAL NOTE (RLIN)
Local note Saifun Momota
650 #0 - SUBJECT ADDED ENTRY--TOPICAL TERM
Topical term or geographic name as entry element Business logistics.
9 (RLIN) 16665
653 ## - INDEX TERM--UNCONTROLLED
Uncontrolled term Supply Chain Management.
700 1# - ADDED ENTRY--PERSONAL NAME
Personal name Bardi, Edward J.,
Dates associated with a name 1943-
9 (RLIN) 16666
Personal name Langley, C. John,
Dates associated with a name 1946-
9 (RLIN) 16667
856 42 - ELECTRONIC LOCATION AND ACCESS
Materials specified WorldCat details
Uniform Resource Identifier https://www.worldcat.org/title/management-of-business-logistics-a-supply-chain-perspective/oclc/48383531&referer=brief_results
942 ## - ADDED ENTRY ELEMENTS (KOHA)
Source of classification or shelving scheme Dewey Decimal Classification
Koha item type Text
Holdings
Withdrawn status Lost status Source of classification or shelving scheme Damaged status Not for loan Collection code Home library Current library Shelving location Date acquired Source of acquisition Cost, normal purchase price Total Checkouts Full call number Barcode Copy number Koha item type
    Dewey Decimal Classification   Not For Loan Non-fiction Dr. S. R. Lasker Library, EWU Dr. S. R. Lasker Library, EWU Reserve Section 16/04/2010 Sumon Library 850.00   658.7 COM 2003 23378 C-1 Text